El origen de la tragedia
Guardat en:
| Autor principal: | |
|---|---|
| Altres autors: | |
| Format: | Llibre |
| Idioma: | espanyol |
| Publicat: |
Madrid
Espasa-Calpe
1980
|
| Edició: | 7a. ed |
| Col·lecció: | Colección Austral, 356
|
| Matèries: | |
| Etiquetes: |
Afegir etiqueta
Sense etiquetes, Sigues el primer a etiquetar aquest registre!
|
MARC
| LEADER | 00000nam a2200000 a 4500 | ||
|---|---|---|---|
| 001 | UCV7859 | ||
| 003 | CL-VaPUC | ||
| 005 | 20230309123502.0 | ||
| 008 | 891121e19800000SP |||||||||||||||||spa|d | ||
| 999 | |c 213469 |d 213467 | ||
| 040 | |c Pontificia Universidad Católica de Valparaíso | ||
| 082 | 0 | 4 | |a 146.4 |b NIE |2 21 |
| 100 | |a Nietzsche, Friedrich |q (Friedrich Wilhelm) |e autor |9 880463 | ||
| 245 | 1 | 3 | |a El origen de la tragedia |
| 250 | |a 7a. ed | ||
| 260 | |a Madrid |b Espasa-Calpe |c 1980 | ||
| 300 | |a 143 p | ||
| 490 | 0 | |a Colección Austral, 356 | |
| 583 | |a last modification |c 19891121 00:00:00 |k Rodrigo Vera | ||
| 650 | 0 | |a Filosofía alemana |9 265002 | |
| 700 | |a Ovejero y Maury, Eduardo |e traductor |9 879558 | ||
| 942 | |c BK |2 ddc | ||
| 945 | |d 19891121 00:00:00 | ||
| 952 | |0 0 |1 0 |4 0 |6 146_400000000000000_NIE_1980 |7 0 |8 A |9 195876 |a BIBARQ |b BIBARQ |d 2019-11-14 |i 2638657 |l 1 |o 146.4 NIE 1980 |p 2638657 |r 2025-01-20 |s 2023-09-25 |w 2019-11-14 |y BK |k ARQ | ||